00851nam a2200169 a 450000100100000000500170001000800410002704000250006808200150009310000330010824500680014126000510020930000350026095201720029595201970046799900170066400004586820201002052506.0150525s1982 dr ac 000 0 spa d aDO-SdBNPbspacBNPHU axxxxbxxxx1 aVargas, José Rafael92185114aLos políticos y el futuro Dominicano /cJosé Rafael Vargas. aMoca, República Dominicana :b[s.n.],c1982. a28 cm. :bil. retrs. ;c21 cm. 0010718PDaPDbPDcHDd2015-05-25iLF1l0oxxxx xxxxp45868-10r2020-06-25w2020-06-25yLFPDzPerteneció a la biblioteca personal de Erick Landestoy.ZNo se presta 0010718PDaPDbPDcHDd2015-08-06iLF1l0oxxxx xxxxp45868-20r2020-06-25te. 2w2020-06-25yLFPDzPerteneció a la biblioteca personal de Chiqui Vicioso / Fidelio Despradel.ZNo se presta c45357d45357